| 000 -LEADER |
| fixed length control field |
01059nam a22002297a 4500 |
| 003 - CONTROL NUMBER IDENTIFIER |
| control field |
OSt |
| 005 - DATE AND TIME OF LATEST TRANSACTION |
| control field |
20260128093551.0 |
| 008 - FIXED-LENGTH DATA ELEMENTS--GENERAL INFORMATION |
| fixed length control field |
230330b ||||| |||| 00| 0 eng d |
| 040 ## - CATALOGING SOURCE |
| Transcribing agency |
Ost |
| 041 ## - LANGUAGE CODE |
| Language code of text/sound track or separate title |
Shan |
| 082 ## - DEWEY DECIMAL CLASSIFICATION NUMBER |
| Classification number |
895.9198 |
| 245 ## - TITLE STATEMENT |
| Title |
ပီၵွၼ်းၶမ်းပရိယတ်တိသတ်ထမ်မပႃလၵႅၼ်ႇၸဝ်ႈၸိုင်ႈတႆးဝဵင်းပၢင်လူင်ပီၵေႃးၸႃႇ1319-1370။ |
| Statement of responsibility, etc. |
ငဝ်ႈငုၼ်းမုၵ်ႉၸုမ်းလူင်သင်ႇၶႃႇၸိုင်ႈတႆးဝဵင်ႈပၢင်လူင် |
| 260 ## - PUBLICATION, DISTRIBUTION, ETC. |
| Date of publication, distribution, etc. |
2008 |
| 300 ## - PHYSICAL DESCRIPTION |
| Extent |
I၊ 24၊ 222 ၼႃႈ |
| Other physical details |
ၶႅပ်းႁၢင်ႈ |
| Dimensions |
26 ၸိၼ်ႇထီႇ |
| 500 ## - GENERAL NOTE |
| General note |
S-SAT: Dr. Prof Sai Aung Tun |
| 504 ## - BIBLIOGRAPHY, ETC. NOTE |
| Bibliography, etc. note |
ပႃးၽိုၼ်ဢိင် |
| 650 ## - SUBJECT ADDED ENTRY--TOPICAL TERM |
| Topical term or geographic name entry element |
လိၵ်ႈႁူမ်ႈတုမ် |
|
| Topical term or geographic name entry element |
ထေရုပ်ႉပတ်ႉတိ (ပပ်ႉတီႈမၢႆတွင်း) |
| 942 ## - ADDED ENTRY ELEMENTS (KOHA) |
| Koha item type |
Books (Long term) |
|
| Source of classification or shelving scheme |
|
|
| Source of classification or shelving scheme |
|